The passing of the great race ; or, The racial basis of European history /

Bibliographic Details
Main Author: Grant, Madison, 1865-1937
Format: Book
Language:English
Published: New York : C. Scribner's sons, 1916.
Subjects:

MARC

Tag First Indicator Second Indicator Subfields
LEADER 00000cam a2200000 4500
001 in00000047056
005 20151007065413.0
008 750716s1916 nyu b 00000 eng u
010 |a  16022372  
035 |a (OCoLC)01451110 
035 |9 AAE1925AM 
040 |c JPL  |d TXA  |d UtOrBLW 
049 |a TXAM  |c [6553] 
050 0 0 |a GN575  |b .G75 
092 |a 572  |b G762p 
100 1 |a Grant, Madison,  |d 1865-1937. 
245 1 4 |a The passing of the great race ;  |b or, The racial basis of European history /  |c by Madison Grant. 
264 1 |a New York :  |b C. Scribner's sons,  |c 1916. 
300 |a xxi, 245 pages :  |b folded maps, fol. tables. ;  |c 24 cm. 
336 |a text  |b txt  |2 rdacontent 
337 |a unmediated  |b n  |2 rdamedia 
338 |a volume  |b nc  |2 rdacarrier 
504 |a Bibliography: pages 229-232. 
650 0 |a Ethnology  |z Europe. 
999 |a MARS 
999 f f |s 1d5fc4da-adb0-35e0-b598-7fe3c05332ff  |i dae307c1-edee-301d-b9e0-10af79d41e79  |t 0 
952 f f |p normal  |a Texas A&M University  |b College Station  |c Sterling C. Evans Library  |d Evans: Library Stacks  |t 0  |e GN575 .G75  |h Library of Congress classification  |i unmediated -- volume  |m A14800967275 
998 f f |a GN575 .G75  |t 0  |l Evans: Library Stacks